| 000 | 00702nam a2200217 a 4500 | ||
|---|---|---|---|
| 001 | 48732 | ||
| 003 | BD-RjUL | ||
| 005 | 20211209054557.0 | ||
| 008 | 160816s1976 bg 000 p ben d | ||
| 035 | _a(BD-RjUL)48851 | ||
| 040 |
_aBD-RjUL _cBD-RjUL _dBD-RjUL _bben |
||
| 041 | _aben | ||
| 082 | 0 | 4 |
_222 _a891.441 _bHOB 1976 |
| 100 | 1 | 0 |
_aহক, আজীজুল _9147048 |
| 245 | 1 | 0 |
_aবিনষ্টের চিৎকার / _cআজীজুল হক |
| 260 |
_aঢাকা : _bমুক্তধারা, _c১৯৭৬ |
||
| 300 |
_a৫১ পৃ. ; _c২০ সেমি. |
||
| 650 | 0 |
_aবাংলা কবিতা _99451 |
|
| 650 | 0 |
_aBengali poetry _9117526 |
|
| 942 |
_2ddc _cBK |
||
| 999 |
_c48732 _d48732 |
||